00341nam a2200133Ia 450000500170000000800410001704100080005808200160006610000260008224500380010826000380014630000090018465000140019320250729165738.0250729s2014 xx 000 0 und d aeng a371.25 MUJT aMujibul Hasan Siddiui aTechniues of Teaching Stratergies aNew DelhibA P H PUBLISHINGc2014 a313p aEducation